Logo BPK

Biblioteka

Politechniki Koszalińskiej

Historical statistics = (Rekord nr 31431)

Szczegóły MARC
000 -ETYKIETA REKORDU
podpole kontrolne o stałej długości 00739nam a2200217 i 4500
001 - NUMER KONTROLNY REKORDU
pole kontrolne bg
020 ## - MIĘDZYNARODOWY ZNORMALIZOWANY NUMER KSIĄŻKI - ISBN
ISBN 9264044965
040 ## - ŹRÓDŁO KATALOGOWANIA
Instytucja, która utworzyła rekord BPK
041 w# - KOD JĘZYKA
Kod języka tekstu enfr
080 ## - UNIWERSALNA KLASYFIKACJA DZIESIĘTNA - UKD
UKD 311.3(083.41):339.9(100)
920 ## - Międzynarodowy znormalizowany numer książki – ISBN
ISBN 92-64-04496-5
008 - POLE O STAŁEJ DŁUGOŚCI - DANE KONTROLNE
podpole kontrolne o stałej długości s pl f |000 0 pol
245 00 - TYTUŁ/ODPOWIEDZIALNOŚĆ
Tytuł Historical statistics =
Ciąg dalszy tytułu Statisques rétrospectives : 1960-1993 /
Pozostałe elementy strefy tytułu i oznaczenia odpowiedzialności Organisation for Economic Co-operation and Development. Statistcs Directorate.
260 ## - STREFA ADRESU WYDAWNICZEGO
Miejsce wydania Paris :
Nazwa wydawcy/dystrybutora OECD,
Data publikacji, dystrybucji/powstania dokumentu 1995=
Nazwa wydawcy/dystrybutora OCDE.
300 ## - STREFA OPISU FIZYCZNEGO
Objętość 180 s. :
Inne cechy fizyczne wykr. ;
Rozmiary 28 cm.
500 ## - UWAGI OGÓLNE
Tekst uwagi Tyt. i treść równol. w jęz. ang. i franc.
610 29 - HASŁO PRZEDMIOTOWE W FORMIE NAZWY CIAŁA ZBIOROWEGO
Nazwa ciała zbiorowego lub nazwa geograficzna Organizacja Współpracy Gospodarczej i Rozwoju
Określnik ogólny statystyka
650 #9 - HASŁO PRZEDMIOTOWE W FORMIE NAZWY OGÓLNEJ LUB JEDNOSTKOWEJ
Nazwa ogólna lub geograficzna Statystyka gospodarcza
655 ## - TERMIN INDEKSOWY - OKREŚLENIE RODZAJU/FORMY DOKUMENTU
Określenie rodzaju/formy dokumentu Tablice i wzory
856 ## - LOKALIZACJA I DOSTĘP DO ELEKTRONICZNYCH DOKUMENTÓW ZDALNYCH
Link (URL) http://koha.tu.koszalin.pl/cgi-bin/koha/opac-detail.pl?biblionumber=31431
Tekst linku Katalog online BPK
942 ## - DODATKOWE ELEMENTY (KOHA)
Typ dokumentu Książka
Egzemplarze
Wycofany Status egzemplarza Uszkodzony Dostępność Lokalizacja stała Lokalizacja bieżąca Miejsce przechowywania Sygnatura Kod kreskowy Typ dokumentu
      Tylko na miejscu Biblioteka Politechniki Koszalińskiej Biblioteka Politechniki Koszalińskiej Czytelnia Wydziałowa ul. Kwiatkowskiego 6e 38790 01222333 Książka
© 2023 Biblioteka Politechniki Koszalińskiej :: KOHA